| 000 | 00374nam a2200157Ia 4500 | ||
|---|---|---|---|
| 008 | 230711s9999||||xx |||||||||||||| ||und|| | ||
| 041 | _aENG | ||
| 082 |
_a621 _bAS-P |
||
| 100 | _aVasudeva,A.S | ||
| 245 | 0 | _aPhysics for engineering and science students | |
| 250 | _a1st | ||
| 260 |
_c1990 _aLudhiana _bS.K Kataria & Sons |
||
| 300 | _a600 | ||
| 650 | _aPhysics | ||
| 942 | _cBK | ||
| 999 |
_c899 _d899 |
||